000 01047cam a22003137a 4500
003 CHAP
005 20220329142353.0
008 001010d2000 mx a r 00110 esp d
010 _a82498
011 _a83470
035 _a93983
040 _cCHAP
082 0 4 _a574.5025
_bE2
245 1 0 _aEcoDir :
_bdirectorio ambiental 2000
_c/por Teorema ambiental S.A. de C.V.
260 _aMéxico, D. F. :
_bTeorema,
_c2000.
300 _a192 p. :
_bilus.
590 _aBATCH-UPD
_b10
_c20130110
_lUCH01
_h0424
590 _aBATCH-UPD
_b10
_c20130410
_lUCH01
_h0059
590 _aBATCH-UPD
_b10
_c20130914
_lUCH01
_h1229
590 _aCONVERSION
_b10
_c20130109
_lUCH01
_h1346
650 1 4 _aEcología
_xDirectorios.
_935140
650 1 4 _aMedio ambiente
_xDirectorios.
_974082
710 0 _aTeorema ambiental . México.
_9112302
901 _aBK
905 _aLilia Sánchez G.
942 _cLIBRO
949 _a574.5025 E2
_bBC
_cC
_d33724000803664
_eC
_h98904
_i93983
_sb
_t$100.00
949 _a574.5025 E2
_bBC
_cC
_d33724000803722
_eC
_fc.2
_h98905
_i93983
_sex
_t$100.00
999 _c82498
_d82498